| 000 | nam a22 7a 4500 | ||
|---|---|---|---|
| 999 |
_c151189 _d151187 |
||
| 005 | 20190911153321.0 | ||
| 008 | 190911b sp ||||| |||| 00| 0 spa d | ||
| 020 | _a8471306964 | ||
| 050 | 0 | 4 |
_aK154 _bV35 1991 |
| 100 | 1 |
_aVallet de Goytisolo, Juan Bms., _eautor |
|
| 245 | 1 | 0 |
_aMetodología de las leyes _c/ Juan Bms. Vallet de Goytisolo. |
| 250 | _a1a ed. | ||
| 260 |
_aMadrid : _bRevista de Derecho Privado : _bDerecho Reunidas, _c1991 |
||
| 300 |
_axix, 715 p. ; _c21 cm. |
||
| 650 | 7 |
_2lemb _aDerecho _xHistoria |
|
| 650 | 7 |
_2lemb _aDerecho _xFuentes |
|
| 942 |
_2lcc _cLIB |
||